<?xml version="1.0" encoding="UTF-8"?><?xml-stylesheet type="text/xsl" href="static/style.xsl"?><OAI-PMH xmlns="http://www.openarchives.org/OAI/2.0/" xmlns:xsi="http://www.w3.org/2001/XMLSchema-instance" xsi:schemaLocation="http://www.openarchives.org/OAI/2.0/ http://www.openarchives.org/OAI/2.0/OAI-PMH.xsd"><responseDate>2026-04-17T10:13:10Z</responseDate><request verb="GetRecord" identifier="oai:www.recercat.cat:2117/331258" metadataPrefix="marc">https://recercat.cat/oai/request</request><GetRecord><record><header><identifier>oai:recercat.cat:2117/331258</identifier><datestamp>2025-07-23T03:07:58Z</datestamp><setSpec>com_2072_1033</setSpec><setSpec>col_2072_452951</setSpec></header><metadata><record xmlns="http://www.loc.gov/MARC21/slim" xmlns:dcterms="http://purl.org/dc/terms/" xmlns:xsi="http://www.w3.org/2001/XMLSchema-instance" xmlns:doc="http://www.lyncode.com/xoai" xsi:schemaLocation="http://www.loc.gov/MARC21/slim http://www.loc.gov/standards/marcxml/schema/MARC21slim.xsd">
   <leader>00925njm 22002777a 4500</leader>
   <datafield ind2=" " ind1=" " tag="042">
      <subfield code="a">dc</subfield>
   </datafield>
   <datafield ind2=" " ind1=" " tag="720">
      <subfield code="a">Venturi Amatriain, Cristina</subfield>
      <subfield code="e">author</subfield>
   </datafield>
   <datafield ind2=" " ind1=" " tag="260">
      <subfield code="c">2005</subfield>
   </datafield>
   <datafield ind2=" " ind1=" " tag="520">
      <subfield code="a">La empresa en la que voy ha desarrollar el Proyecto Final de Carrera, es una empresa constructora pequeña, cuyo despacho se encuentra en travesera de Gracia nº 251 de la ciudad de Barcelona.&#xd;
El nombre de la empresa es Aqualva Trade s.l., y su propietario y administrador, Humberto Numbela, es también el jefe de obra de todos los proyectos que se llevan a cabo. Con él colaboramos dos técnicos inexpertos: un chico principalmente desde obra, y yo desde el despacho, aunque también he pedido poder desplazarme a la obra de vez en cuando. Al entrar en la empresa me encargaron las tareas necesarias para el desarrollo de la ejecución de la obra propias de despacho, gestionando adjudicaciones de industriales, realizando pedidos y asegurando sus plazos de entrega, y supervisando la facturación de los industriales, contrastando las facturas con los albaranes y presupuestos correspondientes.</subfield>
   </datafield>
   <datafield tag="653" ind2=" " ind1=" ">
      <subfield code="a">Àrees temàtiques de la UPC::Edificació::Gestió d'obres</subfield>
   </datafield>
   <datafield tag="653" ind2=" " ind1=" ">
      <subfield code="a">Office buildings</subfield>
   </datafield>
   <datafield tag="653" ind2=" " ind1=" ">
      <subfield code="a">Edificis d'oficines</subfield>
   </datafield>
   <datafield ind2="0" ind1="0" tag="245">
      <subfield code="a">Desarrollo de una práctica de obra de un edificio de oficinas de Sant Cugat del Vallès</subfield>
   </datafield>
</record></metadata></record></GetRecord></OAI-PMH>